000 01716nam a2200349 c 4500
003 BLK
005 20190517143220.0
008 180409b bul|||||r ||||||| ||bul||
010 _aKNG00117679000
020 _a954-754-071-8
_bиздат.: Гарант-21
040 _aBLK
041 _aBUL
_cBUL
080 _aПсихология на детската възраст. Интелектуално развитие на децата. Психически особености. Детски представи, описани в разкази
_b159.922.7
_x
_z159.922.7
080 _aПедагогическа психология
_b37.015.3
_x
_z37.015.3
100 1 _aСтепанов, Сергей Сергеевич
_eпърви автор
_9298284
700 1 _aБалова, Татяна
_eпрев. от рус.
_9365658
139 _aСтепанов, Сергей Сергеевич
_bС 75
245 1 0 _aАзбука на детската психология
_cСергей Сергеевич Степанов; прев. от рус. Татяна Балова.
257 _aRUS
260 София
_bГарант-21
_c2005
_fСофия : Унискорп
300 _a160 с.
_c20 см
380 _a1
500 _aОриг. загл. Азбука детской психологии / Сергей Сергеевич Степанов. - Офс. изд.
650 4 _aДетска и педагогическа психология
_9244538
653 _aдетска психология
653 _aпедагогическа психология
852 _aЦб 227168
856 4 _qpdf
_u
856 4 _qpdf
_u
942 _cKNG
_n0
_02
944 _aCR
_c05.05.2006
_kПенка_Димитрова
944 _aED
_c02.04.2007
_k
999 _c112314
_d112314